000 00623nam a2200205Ia 4500
003 OSt
005 20250805142537.0
008 210210b1951 xxu||||| |||| 00| 0 eng d
040 _cAL
041 _aKannada
082 _a852/462
100 _aRAJAGOPALACHARYA CHAKRAVARTI
_dರಾಜಗೋಪಾಲಾಚಾರ್ಯ ಚಕ್ರವರ್ತಿ
_9234001
245 _aVyasara autana
_b ವ್ಯಾಸರ ಔತಣ
260 _aBengaLuru
_bSatyashodhana Prakatana Mandira
_c1951
650 _aVyAsara
_9234002
650 _aautaNa
_9234003
690 _aKannada Prose
_9234004
906 _a019028
942 _2ddc
_cBK
999 _c143079
_d143079